| 000 | 00704nam a2200253Ia 4500 | ||
|---|---|---|---|
| 003 | OSt | ||
| 005 | 20220924122638.0 | ||
| 006 | a|||||r|||| 00| 0 | ||
| 007 | ta | ||
| 008 | 220923b |||||||| |||| 00| 0 urd d | ||
| 020 | _c20 | ||
| 024 | _a313341 | ||
| 037 | _cTextual | ||
| 040 |
_aARTS _cARTS _burd |
||
| 041 |
_2urd _aurd |
||
| 082 | _aO168,1M89,4, M4 | ||
| 100 |
_aJagat Mohan Lal _9188662 |
||
| 245 | 0 | _aBaqiyat-e-Rawaan | |
| 260 |
_aLucknow _bDanish Mahal India _c1984 |
||
| 650 | _aURDU POETRY | ||
| 700 |
_a Khan Mohammad Naseem Ed. _9190198 |
||
| 942 |
_hO168,1M89,4, M4 _cTEXL _2CC |
||
| 999 |
_c412459 _d412459 |
||